Visualizzazione normale
Vista MARC
- Sting
di Personal Name
Records bibliografici associati: 1
001 - CONTROL NUMBER
- control field: 29038
003 - CONTROL NUMBER IDENTIFIER
- control field: IT-RoPau
005 - DATE AND TIME OF LATEST TRANSACTION
- control field: 20140612150427.0
008 - FIXED-LENGTH DATA ELEMENTS
- fixed length control field: 140612|| aca||aabn | a|a d
040 ## - CATALOGING SOURCE
- Original cataloging agency: IT-RoPau
- Transcribing agency: IT-RoPau
100 ## - HEADING--PERSONAL NAME
- Personal name: Sting
- Miscellaneous information: Codice autore musica SPICS: 13152
- Relator term: Autore musica
- Name of part/section of a work: Muoio per te - It's Probably me
670 ## - SOURCE DATA FOUND
- Source citation: Work cat.: (IT-RoPau)99269: AA.VV. 794, Pavarotti & Friends